| 000 | 00947nam a22002177a 4500 | ||
|---|---|---|---|
| 005 | 20260131092145.0 | ||
| 008 | 250724b |||||||| |||| 00| 0 eng d | ||
| 020 | _a9789386830005 | ||
| 040 | _cAL | ||
| 041 | _aEnglish | ||
| 082 |
_a336.2 _bMEHG |
||
| 100 |
_aMehrotra H C _9219891 |
||
| 245 | _aGoods and services tax GST | ||
| 260 |
_aAgra _bSahitya Bhawan Publications _c2025 |
||
| 300 |
_a270p. _bPB _c24x17.2cm. |
||
| 365 |
_2General _a2032 _b₹200.00 _c₹ _d₹250.00 _e22/07/2025 |
||
| 520 | _aIndirect taxes: Good and services tax GST; Taxation mechanism under GST; GST council, avoidance of dual control and key definitions; Supply: Meaning time and valuation; Place of supply of goods and services; Levy and collection of tax; Registration; Input tac credit; Composition scheme and reverse charge mechanism; Accounts and records. | ||
| 650 |
_2Public Finance _aTaxation _9219892 |
||
| 700 |
_aAgarwal V P _9219893 |
||
| 942 |
_2ddc _cBK |
||
| 999 |
_c234667 _d234667 |
||